[Event "GER-ch U25-B"]
[Site "Willingen"]
[Date "2023.06.03"]
[Round "9"]
[White "Beberhold, Otto Richard"]
[Black "Wilmink, Luca"]
[Result "1/2-1/2"]
[WhiteElo "1427"]
[BlackElo "1530"]
[PlyCount "136"]
[EventDate "2023.05.27"]
[EventType "swiss"]
[EventRounds "9"]
[EventCountry "GER"]
[SourceTitle "CBM 214 Extra"]
[Source "ChessBase"]
[SourceDate "2023.07.31"]
[SourceVersion "1"]
[SourceVersionDate "2023.07.31"]
[SourceQuality "1"]

1. d4 Nf6 2. c4 c5 3. d5 b5 4. cxb5 a6 5. e3 axb5 6. Bxb5 Ba6 7. Bxa6 Nxa6 8. Nc3 d6 9. Nf3 g6 10. 0-0 Bg7 11. a4 0-0 12. Rb1 Qd7 13. e4 Rfb8 14. Nb5 Nxe4 15. Re1 Nf6 16. Bg5 Nb4 17. Nc3 Re8 18. h3 Qb7 19. Bxf6 Bxf6 20. Nd2 Nxd5 21. Nde4 Bxc3 22. bxc3 Qc6 23. c4 Nb4 24. Nc3 Rad8 25. Qd2 d5 26. cxd5 Nxd5 27. Nxd5 Rxd5 28. Rb6 Qa8 29. Qf4 Qa5 30. Rbb1 Rd4 31. Qe5 Rxa4 32. Rec1 Rc8 33. Rb8 Qd8 34. Rxc8 Qxc8 35. Rxc5 Qd8 36. Rc7 e6 37. Qc3 Qd4 38. Qxd4 Rxd4 39. Kh2 Kg7 40. g4 Rd5 41. Kg3 h5 42. f3 hxg4 43. hxg4 e5 44. Kf2 Kf6 45. Ke3 Ke6 46. Ra7 f5 47. gxf5+ gxf5 48. Ra3 f4+ 49. Kf2 Rd2+ 50. Kf1 Rc2 51. Ke1 Kd5 52. Kd1 Rb2 53. Ke1 Kc4 54. Ra4+ Rb4 55. Rxb4+ Kxb4 56. Kd2 Kc4 57. Kc2 Kd5 58. Kd3 Kd6 59. Kd2 Ke6 60. Ke2 Kf6 61. Kf2 Kf5 62. Kf1 e4 63. fxe4+ Kxe4 64. Ke2 f3+ 65. Kf2 Kf4 66. Kf1 Ke3 67. Ke1 f2+ 68. Kf1 Kf3 1/2-1/2

[Event "GER-ch U25-B"]
[Site "Willingen"]
[Date "2023.05.29"]
[Round "3"]
[White "Tulchynsky, Mark"]
[Black "Beberhold, Otto Richard"]
[Result "0-1"]
[WhiteElo "1425"]
[BlackElo "1427"]
[PlyCount "114"]
[EventDate "2023.05.27"]
[EventType "swiss"]
[EventRounds "9"]
[EventCountry "GER"]
[SourceTitle "CBM 214 Extra"]
[Source "ChessBase"]
[SourceDate "2023.07.31"]
[SourceVersion "1"]
[SourceVersionDate "2023.07.31"]
[SourceQuality "1"]

1. e4 c5 2. d4 cxd4 3. c3 Nf6 4. e5 Nd5 5. cxd4 d6 6. Nf3 Nc6 7. Bc4 Nb6 8. Bb5 Bd7 9. exd6 e6 10. Bf4 Nd5 11. Qd2 Qb6 12. Nc3 Nxf4 13. Qxf4 a6 14. Bxc6 Bxc6 15. Ne5 f6 16. Nxc6 Qxc6 17. 0-0 Bxd6 18. Qe3 Kf7 19. Rfd1 Rhe8 20. d5 exd5 21. Qf3 d4 22. Qxc6 bxc6 23. Rxd4 Be5 24. Rd7+ Kf8 25. Rad1 Rab8 26. Na4 Bxb2 27. Rc7 Re6 28. Nc5 Re7 29. Nd7+ Ke8 30. Nxb8 Rxc7 31. Nxa6 Rd7 32. Re1+ Re7 33. Kf1 Rxe1+ 34. Kxe1 Ke7 35. Kd2 Bd4 36. Nb4 Kd6 37. f3 Kc5 38. Nd3+ Kb5 39. Ne1 Kc4 40. Kc2 Kb4 41. Kd3 Be5 42. Nc2+ Kb5 43. g3 g5 44. Nd4+ Kc5 45. Nc2 f5 46. Ne1 h5 47. Nc2 f4 48. gxf4 Bxf4 49. h3 Be5 50. Ke4 Bf6 51. Kf5 Bd8 52. f4 gxf4 53. Kxf4 Kc4 54. Ke3 Kc3 55. Nd4 Bb6 56. Kf4 Kxd4 57. Kg5 c5 0-1